00357nam a2200121 a 4500008004100000050001600041100001900057245007000076260003900146300002000185350000900205700002100214120416s1971 ||||||||||||||||| || u aHF 5549 Mot aDalton, Gene W10aMotivation and control in organizationscedited by Gene W. Dalton aHomewood, [Ill.]bR.D. Irwinc1971 ax, 417p. : ill. a0.00 aLawrence, Paul R